| 000 | 00523cas a2200181 4500 | ||
|---|---|---|---|
| 008 | 150212n eng u | ||
| 020 | _a9788122430165 | ||
| 035 | _a(Sirsi) a188155 | ||
| 050 | _aTA 357 GAR 2011 | ||
| 100 | _aGarde, R.J. | ||
| 245 |
_aFluid mechanics: _bthrough problems/ _cR.J. Garde |
||
| 250 | _a3rd ed. | ||
| 260 |
_aNew Dehli: _bNew age international ltd. publishers, _c2011. |
||
| 300 |
_axiv, 633p. : _bill. |
||
| 504 | _aIncludes index | ||
| 650 | _aFluid Mechanics | ||
| 650 | _aHydraulics | ||
| 999 |
_c124257 _d124257 |
||